000 00639nam a2200229Ia 4500
003 OSt
005 20220927105212.0
006 a|||||r|||| 00| 0
007 ta
008 220926b |||||||| |||| 00| 0 eng d
024 _a159375
037 _cReference Collections
040 _aRTL
_cRTL
_beng
041 _2eng
_aeng
082 _a"W,32 m2, N8, M7.33-16"
110 _aINDIA
_9352601
245 0 _aLok sabhha debates
_b Ninth Session
260 _aNew
_bDelhi Lok Sabha Secretariat
_c1987
700 _aINDIA
_9352603
942 _h"W,32 m2, N8, M7.33-16"
_cCC
999 _c691161
_d691161